|
|
|
|
| LEADER |
00776cam a2200229 7i4500 |
| 001 |
0000012968 |
| 005 |
20151104090000.0 |
| 005 |
##20151104113800.0 |
| 003 |
##MY-KlINT |
| 020 |
# |
# |
|a 9780415991711
|
| 039 |
# |
9 |
|y 201511041138
|z VLOAD
|
| 090 |
0 |
0 |
|a 910.68
|b KOZ
|
| 100 |
1 |
# |
|a Kozak, Metin
|
| 245 |
1 |
0 |
|a Managing and marketing tourist destinations :
|b strategies to gain a competitive edge /
|c Metin Kozak and Seyhmus Baloglu.
|
| 260 |
# |
# |
|a New York:
|b Routledge,
|c 2011.
|
| 300 |
# |
# |
|a xx, 242p:
|b ill;
|c 24cm.
|
| 490 |
0 |
# |
|a Routledge advances in tourism;
|v 21
|
| 500 |
# |
# |
|a Includes bibliographical references and index
|
| 650 |
# |
0 |
|a Tourism --
|x Marketing
|
| 650 |
# |
0 |
|a Tourism --
|x management
|
| 700 |
0 |
# |
|a Baloglu,
|h Seyhmus
|
| 999 |
|
|
|a 1106066759
|b BOOK
|c Main Non-Fiction
|e INTAN BK
|